LEADER 02419oam 2200661 450 001 9910713953103321 005 20220518103555.0 035 $a(CKB)5470000002506131 035 $a(OCoLC)1200122401 035 $a(EXLCZ)995470000002506131 100 $a20201013d2020 ua 0 101 0 $aeng 135 $aurbn||||a|||| 181 $ctxt$2rdacontent 182 $cc$2rdamedia 183 $acr$2rdacarrier 200 10$aContinuation of the national emergency with respect to the situation in Mali $emessage from the President of the United States, transmitting notification that the national emergency declared with respect to the situation in Mali that was declared in Executive Order 13882 of July 26, 2019, is to continue in effect beyond July 26, 2020, pursuant to 50 U.S.C. 1622(d); Public law 94-412, Sec. 202(d); (90 Stat. 1257) 210 1$aWashington :$cU.S. Government Publishing Office,$d2020. 215 $a1 online resource (3 pages) 225 1 $aHouse document / 116th Congress, 2d session ;$v116-138 300 $a"Referred to the Committee on Foreign Affairs." 300 $a"July 23, 2020." 517 $aContinuation of the national emergency with respect to the situation in Mali 606 $aTerrorism$zMali 606 $aDrug traffic$zMali$xPrevention 606 $aHuman rights$zMali 606 $aNational security$zMali 606 $aArmed Forces$2fast 606 $aHuman rights$2fast 606 $aNational security$2fast 606 $aTerrorism$2fast 607 $aUnited States$xArmed Forces$zMali 607 $aMali$2fast 607 $aUnited States$2fast 608 $aLegislative materials.$2fast 608 $aLegislative materials.$2lcgft 615 0$aTerrorism 615 0$aDrug traffic$xPrevention. 615 0$aHuman rights 615 0$aNational security 615 7$aArmed Forces. 615 7$aHuman rights. 615 7$aNational security. 615 7$aTerrorism. 702 $aTrump$b Donald$f1946- 712 02$aUnited States.$bCongress.$bHouse.$bCommittee on Foreign Affairs, 801 0$bGPO 801 1$bGPO 801 2$bGPO 801 2$bOCLCF 801 2$bOCLCA 801 2$bOCLCQ 801 2$bOCLCO 801 2$bGPO 906 $aBOOK 912 $a9910713953103321 996 $aContinuation of the national emergency with respect to the situation in Mali$93535020 997 $aUNINA LEADER 05245 am 2201273 n 450 001 9910306635503321 005 20240110221542.0 010 $a2-7355-0886-2 024 7 $a10.4000/books.cths.4278 035 $a(CKB)4100000007522778 035 $a(FrMaCLE)OB-cths-4278 035 $a(oapen)https://directory.doabooks.org/handle/20.500.12854/40885 035 $a(PPN)234055685 035 $a(EXLCZ)994100000007522778 100 $a20190122j|||||||| ||| 0 101 0 $afre 135 $auu||||||m|||| 181 $ctxt$2rdacontent 182 $cc$2rdamedia 183 $acr$2rdacarrier 200 10$aAnimal symbolisé, animal exploité : du Paléolithique à la Protohistoire /$fSandrine Costamagno, Lionel Gourichon, Catherine Dupont, Olivier Dutour, Denis Vialou 210 $aParis $cÉditions du Comité des travaux historiques et scientifiques$d2018 330 $aLes dix-neuf textes que comporte ce volume sont issus du colloque organisé dans le cadre du 141ème Congrès du CTHS « L?animal et l?homme » qui s?est déroulé à Rouen du 11 au 16 avril 2016. Proposé par la section préhistoire et protohistoire du CTHS, ce colloque avait pour objectif d?aborder les relations Homme/Animal sous ses multiples facettes, depuis le Paléolithique jusqu?à l?Âge du Fer. La trentaine de communications proposée lors de ces journées a porté sur cinq grandes thématiques « L?animal ressource », « Entre chien et loup : de la bête féroce à l?animal familier », « Les animaux vus et perçus par les Paléolithiques », « La vie et la mort partagée », « Pré-histoire des échanges de pathogènes ». 517 $aAnimal symbolisé, animal exploité 517 $aAnimal symbolisé, animal exploité 517 $aAnimal symbolisé, animal exploité  606 $aArts & Humanities 606 $aart pariétal 606 $agrotte ornée 606 $ahistoire de l'art 606 $aMagdalénien 606 $aNéolithique 606 $aPaléolithique supérieur 610 $aNéolithique 610 $aPaléolithique supérieur 610 $aart pariétal 610 $ahistoire de l'art 610 $aMagdalénien 610 $agrotte ornée 615 4$aArts & Humanities 615 4$aart pariétal 615 4$agrotte ornée 615 4$ahistoire de l'art 615 4$aMagdalénien 615 4$aNéolithique 615 4$aPaléolithique supérieur 700 $aArbogast$b Rose-Marie$01283923 701 $aArmand$b Dominique$01364248 701 $aAudé$b Valérie$01364285 701 $aAuxiette$b Ginette$01269022 701 $aBirouste$b Clément$01364286 701 $aBonnet-Jacquement$b Peggy$01285252 701 $aBoudad$b Larbi$01364287 701 $aBoudadi-Maligne$b Myriam$01329614 701 $aCampmas$b Émilie$01345127 701 $aCastel$b Jean-Christophe$01364288 701 $aChahid$b Driss$01364289 701 $aChakroun$b Amel$01364290 701 $aChauvière$b François-Xavier$01285256 701 $aCostamagno$b Sandrine$01329616 701 $aCrépin$b Laurent$01364291 701 $aDachary$b Morgane$01285261 701 $aDelattre$b Valérie$01317575 701 $aDupont$b Catherine$0596040 701 $aDutour$b Olivier$01293005 701 $aEl Hajraoui$b Mohamed Abdeljalil$01345135 701 $aFerrié$b Jean-Georges$01364292 701 $aFontan$b Pauline$01364293 701 $aForest$b Vianney$0283712 701 $aGhesquière$b Emmanuel$01283426 701 $aGourichon$b Lionel$01364294 701 $aGoutas$b Nejma$01364295 701 $aGuigon$b Tiphaine$01364296 701 $aGuirec$b Querré$01364297 701 $aHachem$b Lamys$01269023 701 $aHöltkemeier$b Svenja$01364298 701 $aKuntz$b Delphine$01364299 701 $aLacarrière$b Jessica$01364300 701 $aLanglais$b Mathieu$01323605 701 $aLaroulandie$b Véronique$01329623 701 $aLegrand$b Élisa$01364301 701 $aLenoble$b Arnaud$0592167 701 $aMallye$b Jean-Baptiste$01329625 701 $aMan-Estier$b Elena$01286458 701 $aMéniel$b Patrice$0675157 701 $aMougne$b Caroline$01364302 701 $aNespoulet$b Roland$01345152 701 $aPaillet$b Patrick$0284042 701 $aPétillon$b Jean-Marc$01329627 701 $aPigeaud$b Romain$01198409 701 $aPlassard$b Frédéric$01285299 701 $aRigaud$b Solange$01329628 701 $aRodet-Belarbi$b Isabelle$01307331 701 $aSemelier$b Patricia$01364303 701 $a?kvor Jernej?i?$b Brina$01364304 701 $aSoulier$b Marie-Cécile$01364305 701 $aTo?kan$b Borut$01310963 701 $aVercoutère$b Carole$01364306 701 $aVialou$b Denis$038770 701 $aCostamagno$b Sandrine$01329616 701 $aGourichon$b Lionel$01364294 701 $aDupont$b Catherine$0596040 701 $aDutour$b Olivier$01293005 701 $aVialou$b Denis$038770 801 0$bFR-FrMaCLE 906 $aBOOK 912 $a9910306635503321 996 $aAnimal symbolisé, animal exploité : du Paléolithique à la Protohistoire$93385524 997 $aUNINA